| 000 | 02324cam a22004574i 4500 | ||
|---|---|---|---|
| 003 | PE-LiUPU | ||
| 005 | 20250731172732.0 | ||
| 008 | 150617s1978 r 000 0 d | ||
| 035 | _a(Sirsi) a11522 | ||
| 040 |
_aPE-LiUPU _bspa _cPE-LiUPU _erda |
||
| 049 | _aPRUA | ||
| 082 | 0 | 4 |
_a234.163 _bS66 _221 |
| 100 | 1 |
_aSolano, Jesús, _eautor. |
|
| 245 | 1 | 0 |
_aTextos eucarísticos primitivos: Hasta el fin del siglo IV / _cJesús Solano. |
| 264 | 1 |
_aMadrid : _bBiblioteca de Autores Cristianos, _c1978. |
|
| 300 |
_a754 páginas ; _c20 centímetros |
||
| 336 |
_atext _2rdacontent |
||
| 337 |
_aunmediated _2rdamedia |
||
| 338 |
_avolume _2rdacarrier |
||
| 490 | 0 |
_aBiblioteca de Autores Cristianos, declarada de interés nacional ; _v88 |
|
| 505 | 0 | _aLa eucaristía en la Sagrada Escritura: La eucaristía prefigurada, profetizada, prometida, realizada -- La eucaristía en los Santos Padres -- San Clemente I Papa -- San Ignacio de Antioquía -- Didaché -- San Justino -- San Ireneo -- Epitafio de Abercio -- Epitafio de Pectorio -- Tertuliano -- Clemente de Alejandría -- San Hipólito -- Tradición apostólica -- Didascalía de los apóstoles -- Orígenes -- Moisés y Máximo -- Firmiliano -- Novaciano -- San Dionisio de Alejandría -- Eusebio de Cesarea -- Concilio de Nicea I -- Juvenco -- San Atanasio -- Afraates -- San Efrén -- San Zenón de Verona -- Julio Fírmico Materno -- Martirio de San Teodoto -- San Hilario de Poitiers -- San Dámasco I -- San Cirilo de Jerusalén -- San Optato Milevitano -- San Filastro -- San Ambrosio -- San Siricio. | |
| 526 | _aSEG42 | ||
| 526 | _aSEG41 | ||
| 526 | _aSEG40 | ||
| 526 | _aSEG39 | ||
| 526 | _aP94 | ||
| 526 | _aP87 | ||
| 526 | _aP86 | ||
| 526 | _aP85 | ||
| 526 | _aP77 | ||
| 526 | _aP76 | ||
| 526 | _aP35 | ||
| 650 | 0 | 4 |
_aEucaristía. _93834 |
| 910 |
_ajck _bjvq _cjck _d20150616 |
||
| 942 |
_2ddc _cBOOK |
||
| 949 |
_a234.163 S66 _wDEWEY _c1 _i21237 _lCCODEBUL1 _mBUL _p30.00 _r0 _sY _tBOOK _u19821020 _xTEOLOGIA _PP35 _0COMPRA _o.STAFF. Colección Teología |
||
| 994 |
_aC0 _bPEPRU |
||
| 596 | _a1 | ||
| 999 |
_a234.163 S66 _wDEWEY _c1681 _i21237 _d1681 _e2016-9-6 _f2021-11-10 _g5 _lCCODEBUL1 _mBUL _n1 _p30.00 _r0 _sY _tBOOK _u2015-6-17 _xTEOLOGIA _PP35 _0COMPRA _o.STAFF. Colección Teología |
||
| 980 |
_81 _gALBERTO SANCHEZ Responsable de Automatización |
||